• 首页
  • 本馆介绍
  • 公告通知
  • 最新文献
  • 馆藏检索
  • 电子资源
  • 读者导购
  • 参考咨询
  • 我的图书馆
  • 登录
  • 详细信息显示
  • 放入我的书架
  • 预约/预借图书
  • 作者相关作品
  • 分类相关作品
  • 丛书相关作品
  • 出版社相关作品

书目信息

  • 表格格式
  • 工作单格式
  • 卡片格式
题名:
中国21
    
 
作者: ;爱知大学 编
分册: 第3号  
出版信息: 北京   中国社会科学出版社  2005
页数: 414页
开本: 21cm
丛书名:
单 册:
中图分类: C55
科图分类:
主题词: 汉学 , 汉学--日本--文集 , 社会科学--连续出版物 , 社会科学--期刊
电子资源:
ISBN: 7-5004-5063-X
000 00962nam0 2200253 450
001 TS2006027471
005 20070109162733.87
010    @a7-5004-5063-X@dCNY27.00
100    @a20060829d2005 em y0chiy0110 ea
101 0  @achi
102    @aCN@b110000
105    @aab z 000yy
200 1  @a中国21@Azhong guo 21@h第3号@HDi 3 Hao@f(日)爱知大学现代中国学会编@F( Ri ) Ai Zhi Da Xue Xian Dai Zhong Guo Xue Hui Bian
210    @a北京@c中国社会科学出版社@d2005
215    @a414页@c图,地图@d21cm
330    @a本书是日本爱知大学现代中国学会编集的关于中国情况研究文集。全书四个部分,共收入23篇文章。主要内容有:日本人的五四观、日本企业对中国市场的期待、五四与中国的现代化等。
606 0  @a汉学
606 0  @a汉学@y日本@x文集
606 0  @a社会科学@x连续出版物
606 0  @a社会科学@x期刊
690    @aC55@v4
711 02 @c(日)@a爱知大学@Aai zhi da xue xian dai zhong guo xue hui@b现代中国学会@4编
801  0 @aCN@b中图数据@c20070109
905    @a10447@dC55@e202:3
    
    中国21.第3号/(日)爱知大学现代中国学会编.-北京:中国社会科学出版社,2005
    414页:图,地图;21cm
    
    
    ISBN 7-5004-5063-X:CNY27.00
    本书是日本爱知大学现代中国学会编集的关于中国情况研究文集。全书四个部分,共收入23篇文章。主要内容有:日本人的五四观、日本企业对中国市场的期待、五四与中国的现代化等。
●
相关链接 在E读中查询图书 在五车中查询图书 在当当中查询图书 在豆瓣中查询图书


正题名:中国21     索取号:C55/202:3         预约/预借

序号 登录号 条形码 馆藏地/架位号 状态 备注
1 0602409   206024096   第一样本阅览室/ [索取号:C55/202:3] 在馆    
2 0602410   206024103   第一借阅区/ [索取号:C55/202:3] 在馆    
3 0602411   206024112   第一借阅区/ [索取号:C55/202:3] 在馆    
4 0602412   206024121   第一借阅区/ [索取号:C55/202:3] 在馆    
5 0602413   206024130   第一借阅区/ [索取号:C55/202:3] 在馆    
6 0602414   206024149   第一借阅区/ [索取号:C55/202:3] 在馆    
唐山师范学院图书馆 欢迎您!
大连网信软件有限公司© 版权所有